Viackriteriálne rozhodovanie

Uložené v:
Podrobná bibliografia
Hlavný autor: Mlynarovič, Vladimír
Korporativný autor: Ekonomická univerzita v Bratislave. Fakulta hospodárskej informatiky
Ďalší autori: Hozlár, Eduard
Médium: Kniha
Jazyk:Slovak
Vydavateľské údaje: Bratislava EU 1993
Vydanie:1. vyd.
Predmet:
Tagy: Pridať tag
Žiadne tagy, Buďte prvý, kto otaguje tento záznam!

MARC

LEADER 00000nam a2200000 4500
001 c002504
005 20221214083129.0
020 |a 80-225-0460-2 
041 0 |a slo 
044 |a SK 
245 1 0 |a Viackriteriálne rozhodovanie  |c Vladimír Mlynarovič, Eduard Hozlár 
250 |a 1. vyd. 
264 1 |a Bratislava  |b EU  |c 1993 
300 |a 206 s. 
610 2 0 |a rozhodovanie viackriteriálne 
610 2 0 |a pojmy 
610 2 0 |a portfólio 
610 2 0 |a metóda kritickej cesty 
610 2 0 |a informatika 
610 2 0 |a metódy matematické 
610 2 0 |a teória hier 
610 2 0 |a modely rozhodovania 
100 1 |a Mlynarovič, Vladimír 
700 1 |a Hozlár, Eduard 
710 2 |a Ekonomická univerzita v Bratislave. Fakulta hospodárskej informatiky